Katseye songs! - Statistics

General Stats
  • This quiz has been taken 157 times
    12 since last reset
  • The average score is 13 of 15
Answer Stats
Song % Correct
Debut
100%
Gabriela
100%
Gameboy
100%
Gnarly
100%
Pinky Up
100%
Touch
100%
I’m Pretty
91%
Tonight I Might
91%
Internet Girl
82%
Mean Girls
82%
M.I.A
82%
My Way
82%
Flame
73%
Monster High Fright Song
73%
Time Lapse
45%
No matching quizzes found
Score Distribution
Percent of People with Each Score
Percentile by Number Answered
Your Score History
You have not taken this quiz since the last reset